LEADER 02566cam a22006731a 4500
001 c000270832
003 CARM
005 20211208173145.0
008 750821s1972 enkb b 001 0 eng
010 |a 75322377 
015 |a GB*** 
016 |a 000021796340  |2 AU 
019 1 |a 21796340 
020 |a 0708106242 :  |c 90.75 
020 |a 0140214534 :  |c £0.75 
035 |a (OCoLC)1622720 
040 |a DLC  |b eng  |c DLC  |d DLC  |d QGU 
042 |a anuc 
043 |a u-at--- 
050 0 0 |a GN666  |b .R64 
050 4 |a DU125.A2 R68 1972 qca 
050 4 |a DU124.G6  |b R6 
082 0 0 |a 301.45/19/91094 
100 1 |a Rowley, C. D.  |q (Charles Dunford) 
240 1 0 |a Aboriginal policy and practice.  |n V. 2.,  |p Outcasts in white Australia. 
245 1 0 |a Outcasts in white Australia /  |c C. D. Rowley. 
246 3 |a Aboriginal policy and practice. 
260 |a Harmondsworth, Eng. :  |b Penguin Books,  |c 1972, c1970. 
300 |a xv, 472 p. :  |b map ;  |c 21 cm. 
336 |a text  |b txt  |2 rdacontent 
337 |a unmediated  |b n  |2 rdamedia 
338 |a volume  |b nc  |2 rdacarrier 
490 1 |a Pelican books 
500 |a Originally published as v. 2 of the author's Aboriginal policy and practice. 
500 |a Includes index. 
504 |a Bibliography: p. [451]-457. 
504 |a Includes index. 
505 0 |a Includes index. 
650 0 |a Aboriginal Australians, Treatment of. 
650 0 |a Aboriginal Australians  |x Social conditions. 
650 7 |a Aboriginal Australians  |x Government relations.  |2 fast 
650 0 |a Aboriginal Australians  |x Government relations. 
650 7 |a Aboriginal Australians  |x Mixed descent.  |2 fast 
650 0 |a Aboriginal Australians  |x Mixed descent. 
650 0 |a Aboriginal Australians  |x Government relations. 
651 0 |a Australia  |x Race relations. 
651 0 |a Australia  |x Native races. 
653 |a Aboriginal Australians - Treatment 
653 |a Civil rights - Australia 
653 |a Human rights - Australia 
653 |a Aboriginal Australians - Civil rights 
710 2 |a Social Science Research Council of Australia 
720 |a Rowley, C. D. 
740 0 |a Aboriginal policy and practice 
800 1 |a Rowley, C. D.  |q (Charles Dunford),  |d 1906-1985.  |t Aboriginal policy and practice ;  |v v. 2. 
830 0 |a Aborigines in Australian society ;  |v 6. 
852 8 |b CARM  |h A1:AM12A0  |i A04736  |p 0390307  |n poor condition  |f BK 
999 f f |i aa45b837-c77a-5401-a62c-344a3fed9792  |s 2b67c015-ae2b-56ec-b233-183e1fc0d249 
952 f f |p Can circulate  |a CAVAL  |b CAVAL  |c CAVAL  |d CARM 1 Store  |e A04736  |f A1:AM12A0  |h Other scheme  |i book  |m 0390307